Vista normal
Vista MARC
- Obrazt︠s︡ova, Evguenya
Entrada Nom personal
Número de registros utilizados en: 1
001 - NÚMERO DE CONTROL
- campo de control: 167730
003 - IDENTIFICADOR DEL NÚMERO DE CONTROL
- campo de control: ES-BaIT
005 - FECHA Y HORA DE LA ÚLTIMA TRANSACCIÓN
- campo de control: 20251030124813.0
008 - DATOS DE LONGITUD FIJA
- campo de control de longitud fija: 251030|| aca||aabn | a|a d
040 ## - FUENTE DE LA CATALOGACIÓN
- Centro catalogador/agencia de origen: ES-BaIT
100 1# - ENCABEZAMIENTO-NOMBRE DE PERSONA
- Nombre de persona: Obrazt︠s︡ova, Evguenya


